000 01438nam a22002897a 4500
001 5933
003 FISKH
005 20250210092844.0
008 250210b cb ||||| |||| 00| 0 eng d
020 _a9780545681292
040 _aFISKH
_beng
_cFISKH
_dFISKH
050 _aPZ7.J4298715 G
082 _a100.2
100 _aJennings, Patrick
_d(1962-)
245 _aGuinea dog 2 /
_cPatrick Jennings
250 _aThis edition first published in 2014
260 _aNew York :
_bScholastic,
_c2013.
300 _a164 pages :
_c20 cm
505 _aL
520 _aReaders who loved Guinea Dog have been sitting, begging, and rolling over for a sequel. The beloved Patrick Jennings returns with the follow up to his award-winning and state list hogging title! When his classmates learn about Fido, the guinea pig that acts like a dog, they all want a piece of Rufus, her owner. But Rufus hates the attention, the demands, the "celebrity." So he decides to make Fido learn how to be an actual guinea pig. But when she goes missing, he feels terrible. Was she lost, "dognapped," or did she run away, because he no longer liked her just the way she was? Offering the same offbeat humor and pacing of the first Guinea Dog, this novel will prove to be a reader's best friend.
521 8 _a510
_bLexile
521 8 _aL
_bRaz-Plus
650 _2Mystery
_aPets
650 _2School
_aAnimals
942 _2ddc
_cBK
_n0
999 _c5933
_d5933